000 00339nam a2200145Ia 4500
005 20251222154331.0
008 251222s9999||||xx |||||||||||||| ||spa||
020 _a9788496952478
082 _a813.54/S66
100 _aSolmsse, Arthur R.G.
245 0 _aEL Juicio del Arlequín
250 _a1ra.ed.
264 _bPàmies
942 _cLIB
999 _c34174
_d34174